[Event "TCh-CZE 1 Liga Zapad"]
[Site "Czech Republic CZE"]
[Date "2017.10.29"]
[Round "1.3"]
[White "Jedlicka,A"]
[Black "Burdalev,K"]
[Result "1/2-1/2"]
[WhiteElo "2198"]
[BlackElo "2360"]

1.d4 Nf6 2.c4 c5 3.d5 e6 4.Nc3 exd5 5.cxd5 d6 6.Nf3 g6 7.g3 Bg7 8.Bg2 O-O
9.O-O a6 10.a4 Re8 11.Nd2 Nbd7 12.h3 Rb8 13.a5 b5 14.axb6 Nxb6 15.Nb3 Bf5
16.Na5 Qd7 17.Kh2 Ne4 18.Ra3 Nxc3 19.bxc3 Be4 20.c4 Bxg2 21.Kxg2 Qf5 22.Qd3 Qe4+
23.Qxe4 Rxe4 24.Rb3 Nd7 25.Rxb8+ Nxb8 26.Bf4 Bc3 27.Nb7 Nd7 28.Nxd6 Rxe2
29.Be3 a5 30.Nb7 Bb4 31.Ra1 Bc3 32.Ra3 Bb4 33.Ra1 Bc3 34.Ra3 Bb4 35.Ra1  1/2-1/2

[Event "Borise Karadzica Mem 2017"]
[Site "Palic SRB"]
[Date "2017.10.29"]
[Round "3.12"]
[White "Demeter,Dorina"]
[Black "Cebalo,M"]
[Result "1/2-1/2"]
[WhiteElo "1997"]
[BlackElo "2312"]

1.d4 Nf6 2.c4 c5 3.d5 e6 4.Nc3 exd5 5.cxd5 d6 6.Nf3 g6 7.Nd2 a6 8.a4 Nbd7
9.e4 Bg7 10.Be2 O-O 11.O-O Rb8 12.a5 Re8 13.Qc2 b5 14.axb6 Nxb6 15.Re1 Qc7
16.Ra3 Bb7 17.b3 Re7 18.Nc4 Nxc4 19.bxc4 Rbe8 20.f3 Bc8 21.Qd3 Nh5 22.Bd1 f5
23.Ba4 fxe4 24.Nxe4 Rf8 25.Bg5 Re5 26.Qd2 Bf5 27.Bc2 Bxe4 28.Bxe4 a5 29.Bh4 Ree8
30.Rxa5 Be5 31.Rb1 Qg7 32.Rab5 Bd4+ 33.Kh1 Nf6 34.Rb7  1/2-1/2

[Event "Borise Karadzica Mem 2017"]
[Site "Palic SRB"]
[Date "2017.10.31"]
[Round "5.6"]
[White "Grishchenko,S1"]
[Black "Cebalo,M"]
[Result "1-0"]
[WhiteElo "2445"]
[BlackElo "2312"]

1.d4 Nf6 2.c4 e6 3.Nc3 c5 4.d5 exd5 5.cxd5 d6 6.Nf3 g6 7.Bf4 Bg7 8.h3 O-O
9.e3 Na6 10.Bc4 Nc7 11.a4 b6 12.O-O a6 13.e4 Nfe8 14.e5 dxe5 15.Nxe5 Nd6
16.Nc6 Qd7 17.Be2 Bb7 18.Qb3 b5 19.Bxd6 Qxd6 20.Ne4 Qf4 21.Ne7+ Kh8 22.Nxc5 Rae8
23.Nxb7 Rxe7 24.Bf3 Be5 25.g3 Qf6 26.Rfd1 Ne8 27.Na5 Qb6 28.Nc6 Bxg3 29.Qc2 Rd7
30.a5 Qc7 31.fxg3 Qxg3+ 32.Bg2 Nd6 33.Qc3+ Qxc3 34.bxc3 Re8 35.Re1 Rxe1+
36.Rxe1 Kg7 37.Re7 Rxe7 38.Nxe7 Kf8 39.Nc6 Nb7 40.Kf2 Ke8 41.Bf1 Nc5 42.Ke3 Kd7
43.Kd4 Kd6 44.c4 bxc4 45.Bxc4 f5 46.Nd8  1-0

[Event "21st OIBM 2017"]
[Site "Tegernsee GER"]
[Date "2017.11.04"]
[Round "8.17"]
[White "Baldauf,Marc"]
[Black "Chu Wei Chao"]
[Result "1-0"]
[WhiteElo "2483"]
[BlackElo "2340"]

1.d4 Nf6 2.c4 c5 3.d5 e6 4.Nc3 exd5 5.cxd5 d6 6.Nf3 g6 7.Nd2 Nbd7 8.e4 Bg7
9.Be2 O-O 10.O-O Re8 11.a4 Ne5 12.Ra3 g5 13.Re1 Ng6 14.Bb5 Rf8 15.Nf1 Ng4
16.Be2 N4e5 17.Ne3 Nf4 18.Bf1 Qf6 19.Ne2 Nh5 20.Ng3 Nxg3 21.hxg3 g4 22.Qc2 Re8
23.Bd2 Rb8 24.b4 cxb4 25.Bxb4 Bd7 26.Bb5 Rbc8 27.Qe2 h5 28.Bxd7 Nxd7 29.Nf5 Bf8
30.Qe3 Rc4 31.Bc3 Qg6 32.Qd3 Rec8 33.Bb2 b6 34.Rc3 Rxc3 35.Bxc3 Qg5 36.f4 gxf3
37.gxf3 Ne5 38.Bxe5 dxe5 39.d6 Rd8 40.Kf2 Qf6 41.Rd1 Qe6 42.Qd2 Qf6 43.Ke2 a6
44.Qe3 Rb8 45.Rd5 b5 46.Qa7 Qd8 47.Ne7+ Kg7 48.Nc6 Ra8 49.Nxd8 Rxa7 50.d7  1-0

[Event "21st OIBM 2017"]
[Site "Tegernsee GER"]
[Date "2017.11.05"]
[Round "9.18"]
[White "Hoffmann,Micha1"]
[Black "Hort,Al"]
[Result "1-0"]
[WhiteElo "2462"]
[BlackElo "2276"]

1.d4 Nf6 2.c4 c5 3.d5 e6 4.Nc3 exd5 5.cxd5 d6 6.Nf3 g6 7.Nd2 Bg7 8.e4 O-O
9.Be2 Nbd7 10.O-O Ne5 11.h3 g5 12.Nf3 Nxf3+ 13.Bxf3 Nd7 14.Bg4 Ne5 15.Bf5 g4
16.hxg4 Bxf5 17.exf5 Qh4 18.Bf4 Nxg4 19.Bxd6 Rfe8 20.Bg3 Qh5 21.d6 Rad8 22.Qf3 Re5
23.Bxe5 Bxe5 24.Qh3 Qxf5 25.Nd5 Kh8 26.Ne3 Nxe3 27.fxe3 Qxh3 28.gxh3 Kg7
29.Rad1 Bxb2 30.Rb1 Bf6 31.Rxb7 Rxd6 32.Rxa7 c4 33.Rc7 c3 34.a4 Rd3 35.Kf2 Rd2+
36.Kf3 Be5 37.Rc5 f6 38.Ra1 Rh2 39.Ke4 Rxh3 40.a5 Rh4+ 41.Kd3  1-0

[Event "I Duchamp Int Open 2017"]
[Site "Rio de Janeiro BRA"]
[Date "2017.11.11"]
[Round "1.15"]
[White "Souza Neves,A"]
[Black "Dos Santos,Rodrigo Mello"]
[Result "0-1"]
[WhiteElo "2210"]
[BlackElo "1869"]

1.d4 Nf6 2.c4 c5 3.d5 e6 4.Nc3 exd5 5.cxd5 d6 6.Nf3 g6 7.Bf4 Be7 8.e4 a6
9.a4 Bg4 10.a5 O-O 11.Be2 Bxf3 12.Bxf3 Nbd7 13.O-O Re8 14.Re1 Bf8 15.Qd2 Rb8
16.h3 Qc7 17.Bg5 Bg7 18.Qf4 b5 19.Rad1 Re5 20.Qh4 Ree8 21.b4 cxb4 22.Ne2 h6
23.Bxh6 Bxh6 24.Qxh6 Nxe4 25.Nf4 Nef6 26.Re6 Nh7 27.Rde1 fxe6 28.Qxg6+ Kh8
29.Nxe6 Qc3 30.Re4 Rg8 31.Qf7 Ne5 32.Qxh7+ Kxh7 33.Rh4+ Kg6 34.Bh5+ Kf6  0-1

[Event "TCh-ROU Superliga 2017"]
[Site "Baile Govora ROU"]
[Date "2017.11.14"]
[Round "4.5"]
[White "Costachi,M"]
[Black "Andronescu,M"]
[Result "1-0"]
[WhiteElo "2433"]
[BlackElo "2173"]

1.d4 Nf6 2.c4 c5 3.d5 e6 4.Nc3 exd5 5.cxd5 d6 6.Nf3 g6 7.e4 Bg7 8.Nd2 O-O
9.Be2 Re8 10.O-O h5 11.Qc2 Na6 12.Bxa6 bxa6 13.Nc4 Ng4 14.Bf4 Qh4 15.Nxd6 Be5
16.Bxe5 Rxe5 17.h3 Rg5 18.Nxc8 Rxc8 19.Qe2 Nh6 20.Qd2 f5 21.f4 Rg3 22.Ne2 Rxh3
23.gxh3 Qxh3 24.Qc3 Qg4+ 25.Qg3  1-0

[Event "TCh-CZE Extraliga 2017-18"]
[Site "Czech Republic CZE"]
[Date "2017.11.18"]
[Round "1.5"]
[White "Cernousek,L"]
[Black "Rosko,L"]
[Result "1-0"]
[WhiteElo "2450"]
[BlackElo "2312"]

1.d4 Nf6 2.c4 c5 3.d5 e6 4.Nc3 exd5 5.cxd5 d6 6.Nf3 g6 7.Nd2 Bg7 8.e4 O-O
9.Be2 Re8 10.O-O a6 11.a4 Nbd7 12.Qc2 Rb8 13.h3 Qe7 14.Re1 g5 15.Nc4 h6 16.f4 gxf4
17.Bxf4 Ne5 18.Nxe5 dxe5 19.Be3 Bd7 20.a5 Rec8 21.Na4 Bxa4 22.Rxa4 Bf8 23.Rc4 Nd7
24.b4 b5 25.axb6 Nxb6 26.Rxc5 Qh4 27.Rf1 Bxc5 28.bxc5 Nd7 29.Bg4 Qe7 30.c6 Rc7
31.Bxd7 Qxd7 32.cxd7 Rxc2 33.Bb6 Rc4 34.Rf6 Kg7 35.Rc6 Rxc6 36.dxc6 Rxb6
37.c7  1-0

[Event "I Duchamp Int Open 2017"]
[Site "Rio de Janeiro BRA"]
[Date "2017.11.18"]
[Round "9.1"]
[White "Mecking,H"]
[Black "Rodi,L"]
[Result "1-0"]
[WhiteElo "2602"]
[BlackElo "2339"]

1.d4 Nf6 2.c4 c5 3.d5 e6 4.Nc3 exd5 5.cxd5 d6 6.Nf3 g6 7.Nd2 Nbd7 8.e4 a6
9.a4 Bg7 10.Be2 O-O 11.O-O Re8 12.Re1 Ne5 13.Nf1 Rb8 14.h3 Qc7 15.Be3 Ned7
16.Nd2 Nf8 17.Qc2 Bd7 18.a5 Qd8 19.Bf4 Qe7 20.Bh2 Red8 21.f4 Ne8 22.Nf3 Nc7
23.e5 Nb5 24.Bxb5 axb5 25.Qf2 Rbc8 26.Bg3 f6 27.a6 bxa6 28.Rxa6 dxe5 29.fxe5 fxe5
30.Bh4 Qf7 31.Bxd8 Rxd8 32.Nxe5 Qxf2+ 33.Kxf2 b4 34.Nd1 Bb5 35.Nc6 Rd7 36.Rb6 Bc4
37.d6 Rf7+ 38.Kg1 Nd7 39.Rb7 Kf8 40.Nd8 Bd4+ 41.Kh1 Bd5 42.Nxf7 Bxb7 43.Re7 Bc6
44.Nd8 Bd5 45.Ne6+ Bxe6 46.Rxe6 Nb6 47.b3 c4 48.bxc4 b3 49.d7 Nxd7 50.Rd6  1-0

[Event "TCh-ROU Superliga 2017"]
[Site "Baile Govora ROU"]
[Date "2017.11.19"]
[Round "9.2"]
[White "David,Alexandru"]
[Black "Perunovic,Mil"]
[Result "0-1"]
[WhiteElo "2414"]
[BlackElo "2612"]

1.d4 Nf6 2.c4 e6 3.Nf3 c5 4.d5 d6 5.Nc3 exd5 6.cxd5 g6 7.e4 Bg7 8.Be2 O-O
9.Be3 Bg4 10.Nd2 Bxe2 11.Qxe2 Re8 12.O-O Nbd7 13.Bg5 Qb6 14.Nc4 Qa6 15.f3 b5
16.Na3 c4 17.Ncxb5 Rab8 18.Qxc4 Qb6+ 19.Qd4 Qxd4+ 20.Nxd4 Nxe4 21.Nc6 Nxg5
22.Nxb8 Rxb8 23.Nc4 f5 24.Rab1 Nf7 25.Rfd1 Nc5 26.b4 Na4 27.Rb3 Rc8 28.Na5 Rc2
29.Re1 Bd4+ 30.Kh1 Rxa2 31.f4 Nc3 32.Nc6 Bf2 33.Re8+ Kg7 34.g3 Ne4 35.Re7 Bb6
36.Rb7 Ra1+ 37.Kg2 Rg1+ 38.Kh3 Nf2+ 39.Kh4 Rh1 40.Ne5 Rxh2+  0-1

[Event "Romanian Open 2017"]
[Site "Alba Iulia ROU"]
[Date "2017.11.20"]
[Round "1.8"]
[White "Costachi,M"]
[Black "Ognean,Mihnea-Ionut"]
[Result "0-1"]
[WhiteElo "2433"]
[BlackElo "2160"]

1.d4 Nf6 2.c4 e6 3.Nf3 c5 4.d5 d6 5.Nc3 exd5 6.cxd5 g6 7.Nd2 Bg7 8.e4 O-O
9.Be2 Na6 10.O-O Nc7 11.a4 Re8 12.f3 Nd7 13.Kh1 b6 14.Ra3 Rb8 15.Nb5 Nxb5
16.axb5 Ra8 17.f4 Nf6 18.Bf3 Bd7 19.e5 dxe5 20.fxe5 Rxe5 21.Nc4 Re8 22.Nd6 Rf8
23.Bf4 Ne8 24.Nb7 Qf6 25.Bg3 Bxb5 26.Rf2 h5 27.h4 Qf5 28.d6 Nf6 29.Bc6 Qxf2
30.Bxf2 Bxc6 31.Nxc5 bxc5 32.Bxc5 Ne4 33.b4 a5 34.Qc2 axb4 35.Bxb4 Rxa3 36.Bxa3 Bc3
37.d7 Rd8 38.Bb2 Bxb2 39.Qxc6 Nf2+ 40.Kh2 Ng4+ 41.Kg3 Bf6 42.Kf4 Kg7 43.Qc8 Ne5
44.g3 Rxd7 45.Ke4 Rd3 46.g4 hxg4 47.h5 gxh5 48.Qf5 h4 49.Qf2 Rf3 50.Kd4  0-1

[Event "TCh-CZE 1 Liga Vychod"]
[Site "Czech Republic CZE"]
[Date "2017.11.26"]
[Round "3.6"]
[White "Stepan,Patrik"]
[Black "Mrva,Mare"]
[Result "1-0"]
[WhiteElo "2157"]
[BlackElo "2223"]

1.d4 Nf6 2.c4 c5 3.d5 e6 4.Nc3 exd5 5.cxd5 d6 6.Nf3 g6 7.Nd2 Bg7 8.e4 O-O
9.Be2 Na6 10.O-O Nc7 11.a4 b6 12.f3 Rb8 13.Nc4 Ba6 14.Bf4 Bxc4 15.Bxc4 Re8
16.Nb5 Nxb5 17.Bxb5 Rf8 18.Qd2 Qe7 19.Bg5 Qb7 20.Rfe1 a6 21.Bc6 Qc7 22.Qe2 h6
23.Be3 Nd7 24.Bxd7 Qxd7 25.Qxa6 Bxb2 26.Rab1 Bc3 27.Rec1 Bg7 28.Rxb6 Rxb6
29.Qxb6 Qxa4 30.Qxd6 Bd4 31.Bxd4 Qxd4+ 32.Kh1 Rc8 33.Qa6 Rb8 34.h3 Rb2 35.Qc8+ Kh7
36.Qxc5 Qd2 37.Rg1 Qf4 38.Qc1 Qe5 39.Qa1 Qb8 40.d6 h5 41.e5 Re2 42.Qd4 Qd8
43.f4 Qd7 44.Rc1 Qb7 45.Rg1 Qd7 46.Qc4 Re3 47.Kh2 Qf5 48.Rd1 Re4 49.Qxe4 Qxe4
50.d7 Qxf4+ 51.Kh1  1-0

[Event "Tsaghkadzor Open 2017"]
[Site "Tsaghkadzor ARM"]
[Date "2017.12.01"]
[Round "9.1"]
[White "Bosiocic,Mari"]
[Black "Shyam,SM"]
[Result "0-1"]
[WhiteElo "2597"]
[BlackElo "2528"]

1.d4 Nf6 2.c4 e6 3.Nf3 c5 4.d5 d6 5.Nc3 exd5 6.cxd5 g6 7.Nd2 Na6 8.e4 Nc7
9.Be2 Bg7 10.O-O O-O 11.a4 Re8 12.f4 h5 13.h3 Rb8 14.Bf3 b6 15.Re1 Ng4 16.e5 dxe5
17.hxg4 exf4 18.Rxe8+ Nxe8 19.Nb3 g5 20.gxh5 Nd6 21.Nb5 Nf5 22.Nxa7 c4 23.Nc6 Qd6
24.Nd2 Qc5+ 25.Kh2 Qf2 26.Ne4 Qh4+ 27.Kg1 Bd7 28.Nxb8 Bd4+ 29.Kf1 g4 30.g3 Qh2
31.Bxf4 Qg1+ 32.Ke2 gxf3+ 33.Kxf3 Nh4+ 34.Ke2 Bg4+ 35.Kd2 Qg2+  0-1

[Event "Adolf Anderssen Mem 2017"]
[Site "Wroclaw POL"]
[Date "2017.12.02"]
[Round "4.8"]
[White "Butkiewicz,L"]
[Black "Walentukiewicz,M"]
[Result "1-0"]
[WhiteElo "2453"]
[BlackElo "2024"]

1.d4 e6 2.c4 Nf6 3.Nc3 c5 4.d5 exd5 5.cxd5 d6 6.Nf3 g6 7.Bf4 a6 8.a4 Bg7
9.h3 O-O 10.e3 Bf5 11.Nd2 Re8 12.Be2 h6 13.O-O g5 14.Bh2 Nbd7 15.Bxd6 Nb6
16.Bxc5 Nbxd5 17.Bd4 Rc8 18.Bf3 Nxc3 19.Bxc3 Qe7 20.Qb3 Bd3 21.Rfe1 Red8
22.Qxb7 Rc7 23.Qb3 h5 24.g3 g4 25.hxg4 hxg4 26.Bg2 Ne4 27.Nxe4 Bxe4 28.Rad1 Rxd1
29.Rxd1 Bxg2 30.Kxg2 Qe4+ 31.Kg1 Rc6 32.Bxg7 Kxg7 33.Qd5 Qf3 34.b4 Rc2 35.Qxf3 gxf3
36.Rb1 Ra2 37.b5  1-0

[Event "14th Vasylyshyn GM"]
[Site "Lviv UKR"]
[Date "2017.12.03"]
[Round "5.2"]
[White "Martynkova,Olena"]
[Black "Pacher,M"]
[Result "1-0"]
[WhiteElo "2261"]
[BlackElo "2449"]

1.d4 Nf6 2.c4 c5 3.d5 e6 4.Nc3 exd5 5.cxd5 d6 6.Nf3 g6 7.Bf4 Bg7 8.e3 O-O
9.h3 a6 10.a4 Qe7 11.Nd2 Nbd7 12.Be2 Ne5 13.O-O Nfd7 14.Bh2 f5 15.Qc2 b6
16.Rae1 Bb7 17.f4 Nf7 18.e4 fxe4 19.Ndxe4 Bd4+ 20.Kh1 Nf6 21.Bd3 Rae8 22.Nxf6+ Qxf6
23.Rxe8 Rxe8 24.f5 gxf5 25.Bxf5 Kh8 26.Ne4 Qh6 27.Bf4 Qg7 28.Be6 Rf8 29.Bxf7 Rxf7
30.Nxd6 Rxf4 31.Rxf4 Qe7 32.Qe4 Qxe4 33.Rxe4 Bxd5 34.Re8+ Kg7 35.Nf5+ Kg6
36.Nxd4 cxd4 37.Kg1 Bb3 38.Kf2  1-0

[Event "Rome City Open 2017"]
[Site "Rome ITA"]
[Date "2017.12.03"]
[Round "1.2"]
[White "Bogner,S"]
[Black "Bruce,S"]
[Result "1-0"]
[WhiteElo "2586"]
[BlackElo "2143"]

1.Nf3 Nf6 2.c4 e6 3.d4 c5 4.d5 exd5 5.cxd5 d6 6.Nc3 g6 7.Bf4 a6 8.a4 Bg7
9.h3 O-O 10.e3 Re8 11.Nd2 Nbd7 12.Nc4 Ne4 13.Nxe4 Rxe4 14.Bd3 Rxc4 15.Bxc4 Bxb2
16.Ra2 Bc3+ 17.Kf1 Nb6 18.Be2 Ba5 19.e4 Qe7 20.Bf3 Bd7 21.g3 Qe8 22.Bxd6 Nxa4
23.Qc1 Bb4 24.Qf4 Bc3 25.Kg2 Rd8 26.e5 Bd4 27.Re1 Nc3 28.Rc2 Ba4 29.Rcc1 Bb3
30.Bxc5 Bxc5 31.Rxc3 Qb5 32.Rb1  1-0

[Event "TCh-GEO Club 2017"]
[Site "Tbilisi GEO"]
[Date "2017.12.05"]
[Round "7.4"]
[White "Sanikidze,Salome"]
[Black "Khomeriki,N"]
[Result "0-1"]
[WhiteElo "1876"]
[BlackElo "2347"]

1.d4 Nf6 2.c4 e6 3.Nc3 c5 4.d5 exd5 5.cxd5 d6 6.Nf3 g6 7.g3 Bg7 8.Bg2 O-O
9.O-O Re8 10.Bf4 a6 11.a4 Ne4 12.Nxe4 Rxe4 13.Nd2 Rb4 14.b3 Bxa1 15.Qxa1 g5
16.Be3 Bf5 17.Nc4 b5 18.axb5 Rxb3 19.h4 h6 20.hxg5 hxg5 21.f4 g4 22.Kf2 axb5
23.Qxa8 bxc4 24.Ra1 Qf6 25.Bc1 Qc3 26.e3 Bb1  0-1

[Event "1st Valentino Martis IM"]
[Site "Valencia VEN"]
[Date "2017.12.05"]
[Round "1.3"]
[White "Alvarez Marquez,J"]
[Black "Martinez Ramirez,L"]
[Result "0-1"]
[WhiteElo "2383"]
[BlackElo "2410"]

1.d4 Nf6 2.c4 c5 3.d5 e6 4.Nc3 exd5 5.cxd5 d6 6.Nf3 g6 7.g3 Bg7 8.Bg2 O-O
9.O-O Re8 10.Nd2 a6 11.a4 Nbd7 12.Nc4 Nb6 13.Na3 Bd7 14.h3 Qc7 15.Bf4 Nh5
16.Bd2 c4 17.a5 Nc8 18.b4 b5 19.e4 Ne7 20.Qf3 f5 21.Rae1 Rf8 22.exf5 Nxf5
23.Qd1 Nd4 24.Ne4 Nb3 25.Be3 Bf5 26.Nc2 Bxe4 27.Bxe4 Bc3 28.Bb6 Qg7 29.Re2 Rae8
30.Bg2 Re5 31.Kh2 Rfe8 32.Re3 Rxe3 33.Bxe3 Qf6 34.h4 Ng7 35.Bh3 Nf5 36.h5 Qe5
37.Bf4 Qe2 38.Bg4 Qd3 39.Bxf5 gxf5 40.Be3 Nd2 41.Bxd2 Qxd2  0-1

[Event "9th Penang Open 2017"]
[Site "Penang MAS"]
[Date "2017.12.06"]
[Round "4.53"]
[White "Singh,Eshwant"]
[Black "Goh,Jinghan Cameron"]
[Result "0-1"]
[WhiteElo "1641"]
[BlackElo "1878"]

1.d4 Nf6 2.c4 c5 3.d5 e6 4.Nc3 exd5 5.cxd5 d6 6.Nf3 g6 7.Bf4 Bg7 8.Qa4+ Bd7
9.Qb3 Qc7 10.e4 Nh5 11.Bd2 O-O 12.Bd3 a6 13.a4 Rc8 14.Be2 Re8 15.Qc2 Bg4
16.O-O Qe7 17.h3 Bxf3 18.Bxf3 Nf6 19.Rfe1 Nbd7 20.g3 c4 21.Be3 Rac8 22.a5 h5
23.Bd4 Ne5 24.Be2 Nfd7 25.Rad1 Nd3 26.Bxd3 Bxd4 27.Bf1 Ba7 28.Kg2 h4 29.f4 hxg3
30.Kxg3 g5 31.Qd2 f5 32.fxg5 f4+ 33.Kh2 Qxg5 34.Qg2 Qxg2+ 35.Bxg2 Ne5 36.Rf1 Rf8
37.Bf3 Be3 38.Ne2 Kh7 39.Nd4 c3 40.bxc3 Rxc3 41.Ne6 Rg8 42.Bg2 Rc2 43.Nxf4 Bxf4+
44.Rxf4 Rgxg2+ 45.Kh1 Rh2+ 46.Kg1 Rxh3 47.Rf2 Nf3+ 48.Kf1 Rh1+ 49.Kg2 Rh2+  0-1

[Event "1st Valentino Martis IM"]
[Site "Valencia VEN"]
[Date "2017.12.07"]
[Round "6.3"]
[White "Brizuela Abreu,Ronald Jesus"]
[Black "Franco Valencia,A"]
[Result "1-0"]
[WhiteElo "2262"]
[BlackElo "2108"]

1.d4 Nf6 2.c4 c5 3.d5 e6 4.Nc3 exd5 5.cxd5 d6 6.Nf3 g6 7.Bf4 Bg7 8.Qa4+ Bd7
9.Qb3 Qc7 10.h3 O-O 11.e3 Nh5 12.Bh2 Na6 13.Nd2 f5 14.Nc4 f4 15.Be2 b5 16.Nxb5 Bxb5
17.Qxb5 Nb4 18.O-O Rab8 19.Qa4 Nxd5 20.Bxh5 gxh5 21.Rad1 Nb6 22.Nxb6 Rxb6
23.Bxf4 Bxb2 24.Qc4+ Qf7 25.Rd5 Kh8 26.Rfd1 Rb4 27.Qc2 Be5 28.Bxe5+ dxe5
29.Rxc5 Qf5 30.Qxf5 Rxf5 31.Rc7 Rf8 32.Rdd7 Ra8 33.Rxh7+ Kg8 34.Rcg7+ Kf8
35.Rg5 Rab8 36.Rxe5 a6 37.Rh8+ Kf7 38.Rxb8 Rxb8 39.Rxh5 Rb1+ 40.Kh2 Rb2 41.Ra5  1-0

[Event "1st Valentino Martis IM"]
[Site "Valencia VEN"]
[Date "2017.12.07"]
[Round "6.5"]
[White "Alvarez Marquez,J"]
[Black "Guerrero,An"]
[Result "1-0"]
[WhiteElo "2383"]
[BlackElo "2307"]

1.d4 Nf6 2.c4 e6 3.Nf3 c5 4.d5 exd5 5.cxd5 d6 6.Nc3 g6 7.Bf4 Bg7 8.h3 O-O
9.e3 Na6 10.Be2 Nc7 11.O-O Rb8 12.e4 Re8 13.e5 dxe5 14.Nxe5 Nfxd5 15.Nxf7 Nxc3
16.Nxd8 Nxe2+ 17.Qxe2 Rxe2 18.Bxc7 Ra8 19.Rae1 Rxe1 20.Rxe1 Bd7 21.Nxb7 c4
22.Re7 Bc6 23.Na5 Bd5 24.Be5 Bxe5 25.Rxe5 Rd8 26.Re7 Bf7 27.Re2 Rd1+ 28.Kh2 Rc1
29.Nc6 a6 30.Ne5 Ra1 31.Rd2 Kf8 32.Nxf7 Kxf7 33.b3 cxb3 34.axb3 Rb1 35.Rd3 Rb2
36.Kg3 Kg7 37.Rf3 Rc2 38.Kf4 Rd2 39.g4 Kh6 40.h4 g5+ 41.hxg5+ Kg6 42.Kg3 Kxg5
43.Rf7 Kg6 44.Ra7 Rd6 45.f4 Rb6 46.Kh4  1-0

[Event "ch-CHN Blitz 2017"]
[Site "Shenzhen CHN"]
[Date "2017.12.08"]
[Round "5.4"]
[White "Zhou Jianchao"]
[Black "Gao Rui"]
[Result "1-0"]
[WhiteElo "2597"]
[BlackElo "2546"]

1.d4 Nf6 2.c4 c5 3.d5 e6 4.Nc3 exd5 5.cxd5 d6 6.Nf3 g6 7.Bf4 a6 8.a4 Bg7
9.h3 O-O 10.e3 Re8 11.Nd2 Nbd7 12.Be2 Ne5 13.O-O Nfd7 14.Qc2 f5 15.a5 Rb8
16.Rfe1 h6 17.Bg3 Nf6 18.Ra3 Bd7 19.Bxe5 dxe5 20.e4 Rf8 21.Bd3 Nh5 22.Na4 Nf4
23.Bf1 fxe4 24.Nxe4 Bf5 25.Nb6 Kh8 26.Qxc5 Bxe4 27.Rxe4 Rf7 28.Rc3 Qg5 29.Qe3 Rbf8
30.Kh1 Qh5 31.d6 Ne6 32.Be2 Qf5 33.Bg4 Qf6 34.Nd5 Qd8 35.Bxe6 Rxf2 36.Rc8 Qxd6
37.Qxf2 Rxc8 38.Bxc8 Qxd5 39.Qf3 Qc5 40.Bxb7  1-0

[Event "1st Valentino Martis IM"]
[Site "Valencia VEN"]
[Date "2017.12.09"]
[Round "8.4"]
[White "Alvarez Marquez,J"]
[Black "Franco Valencia,A"]
[Result "1-0"]
[WhiteElo "2383"]
[BlackElo "2108"]

1.d4 Nf6 2.c4 c5 3.d5 e6 4.Nc3 exd5 5.cxd5 d6 6.Nf3 g6 7.Nd2 Nbd7 8.e4 Bg7
9.Be2 O-O 10.O-O Re8 11.h3 Rb8 12.a4 a6 13.Re1 h6 14.Ra3 g5 15.Qc2 Nf8 16.a5 Ng6
17.Nc4 g4 18.hxg4 Nxg4 19.Bxg4 Bxg4 20.Nd1 Ne5 21.Nde3 Nxc4 22.Nxc4 Qh4 23.Bf4 Rbd8
24.Rg3 Kh8 25.Nxd6 Re7 26.Qd2 Bd4 27.b4 Qf6 28.e5 Qg6 29.bxc5 Bxc5 30.Ne4 Ba7
31.Nf6 h5 32.Bg5 Rc7 33.Nxg4 Rc2 34.Bf6+ Kh7 35.Ne3 Rxd2 36.Rxg6 Kxg6 37.Bxd8 Bxe3
38.Rxe3  1-0

[Event "Acre Open 2017"]
[Site "Rio Branco BRA"]
[Date "2017.12.10"]
[Round "6.3"]
[White "Molina,Rob"]
[Black "Carvalho,H"]
[Result "1-0"]
[WhiteElo "2453"]
[BlackElo "2146"]

1.d4 Nf6 2.c4 e6 3.Nf3 c5 4.d5 exd5 5.cxd5 d6 6.Nc3 g6 7.e4 Bg7 8.Bd3 O-O
9.h3 Na6 10.O-O Nc7 11.Re1 a6 12.a4 Rb8 13.a5 Bd7 14.Qb3 Nh5 15.Bg5 Bf6 16.Bxf6 Qxf6
17.e5 dxe5 18.Nxe5 Rfd8 19.d6 Ne6 20.Nd5 Qg7 21.Bc4 Kh8 22.Nb6 Nf6 23.Nexd7 Nxd7
24.Bxe6 fxe6 25.Qxe6 Nxb6 26.axb6 Qxb2 27.Qe7 Qg7 28.Rad1  1-0

[Event "World Youth U16 Olympiad"]
[Site "Ahmedabad IND"]
[Date "2017.12.11"]
[Round "1.9"]
[White "Poleg,Dan"]
[Black "Van der Westhuizen,Donald"]
[Result "1-0"]
[WhiteElo "2268"]
[BlackElo "1704"]

1.d4 Nf6 2.c4 c5 3.d5 e6 4.Nc3 exd5 5.cxd5 d6 6.Nf3 g6 7.e4 Bg4 8.Be2 Bxf3
9.Bxf3 Bg7 10.Bf4 O-O 11.O-O a6 12.a4 Qe7 13.Re1 Nfd7 14.Qc2 Ne5 15.Be2 f5
16.exf5 Rxf5 17.Bg3 Qf8 18.f4 Rxf4 19.Bxf4 Qxf4 20.Ne4 Nbd7 21.Rad1 Nf6 22.Nxd6 Neg4
23.Bxg4 Nxg4 24.g3 Qxd6 25.Re6 Qf8 26.Qe2 Bd4+ 27.Kg2 Nf6 28.Rf1 Qd8 29.d6 Ne8
30.Re7 Nxd6 31.Qe6+ Kh8 32.Rd7 Qe8 33.Rxd6 Qxe6 34.Rxe6 b5 35.axb5 axb5 36.b3 Ra2+
37.Kh3 Kg8 38.Re7 Rb2 39.Rf3 Bg1 40.Rd3 Rxh2+ 41.Kg4 Kf8 42.Rc7 Re2 43.Rd8+ Re8
44.Rxe8+ Kxe8 45.Rxh7 Be3 46.Rb7 b4 47.Kf3 Bd4 48.Kf4 Bf6 49.Rc7 Bd4 50.Kg5 Be5
51.Rxc5 Bxg3 52.Kxg6 Kd7 53.Kf5 Kd6 54.Rb5 Be1 55.Ke4 Kc6 56.Rg5 Bc3 57.Rg6+ Kc5
58.Rh6 Bd2 59.Rh5+ Kc6 60.Kd3 Bc3 61.Kc4 Be1 62.Rh6+ Kc7 63.Kc5 Kd7 64.Rd6+ Kc7
65.Re6 Bc3 66.Re7+ Kc8 67.Kc6 Kd8 68.Re4 Bb2 69.Rxb4 Be5 70.Re4 Bc3 71.b4 Bf6
72.b5 Kc8 73.Re8+  1-0

[Event "4th Arica Open 2017"]
[Site "Arica CHI"]
[Date "2017.12.12"]
[Round "4.1"]
[White "Salinas Herrera,P"]
[Black "Adly,A"]
[Result "1-0"]
[WhiteElo "2433"]
[BlackElo "2637"]

1.d4 Nf6 2.c4 e6 3.Nc3 c5 4.d5 exd5 5.cxd5 d6 6.Nf3 g6 7.Bf4 Bg7 8.Qa4+ Bd7
9.Qb3 b5 10.Bxd6 Qb6 11.Be5 O-O 12.e3 c4 13.Qd1 Rc8 14.a4 b4 15.Nb5 Bxb5
16.Bd4 Qb7 17.axb5 Nbd7 18.d6 Bf8 19.Nd2 c3 20.Nc4 Qxb5 21.b3 Qb8 22.Qf3 Ne8
23.h4 Nxd6 24.h5 Bg7 25.Bxg7 Kxg7 26.h6+ Kf8 27.O-O-O Rxc4 28.Bxc4 Ne5 29.Qf6 Ne4
30.Rd8+ Qxd8 31.Qg7+ Ke8 32.Qxe5+ Kf8 33.Qg7+ Ke7 34.Qxf7+ Kd6 35.Qf4+ Kc5
36.Qe5+ Kb6 37.Qb5+ Kc7 38.Bd5 Qf6 39.Qb7+ Kd6 40.Bxe4  1-0

[Event "4th Johor Open 2017"]
[Site "Johor MAS"]
[Date "2017.12.13"]
[Round "4.3"]
[White "Taher,Yoseph Theolifus"]
[Black "Grigoryan,K2"]
[Result "0-1"]
[WhiteElo "2368"]
[BlackElo "2571"]

1.d4 Nf6 2.c4 e6 3.Nf3 c5 4.d5 exd5 5.cxd5 d6 6.Nc3 g6 7.e4 Bg7 8.h3 O-O
9.Bd3 a6 10.a4 Nbd7 11.O-O Nh5 12.Be2 Re8 13.Bd2 Rb8 14.Re1 Qc7 15.Qc2 c4
16.a5 Nhf6 17.Bf1 b5 18.axb6 Nxb6 19.Na4 Bd7 20.Ba5 Bxa4 21.Rxa4 Qc5 22.Bxb6 Qxb6
23.Qxc4 a5 24.Qc6 Qxb2 25.Qxd6 Bf8 26.Qf4 Qb6 27.Rc4 Rbc8 28.Rxc8 Rxc8 29.d6 Nh5
30.Qg4 Rc2 31.Re2 Rxe2 32.Bxe2 Bxd6 33.Qc8+ Kg7 34.Qc3+ f6 35.Bc4 Ng3 36.Qc2 a4
37.e5 fxe5 38.Ng5 a3 39.Kh2 Nf5 40.Ne4 Be7 41.Ba2 Nd6 42.Nxd6 Bxd6 43.Kg1 Bc5
44.g3 Bd4 45.Bd5 Qa5 46.Ba2 Qc3 47.Qxc3 Bxc3 48.Kf1 e4 49.Ke2 Kf6 50.f3 Ke5
51.fxe4 Kxe4 52.g4 Kf4 53.Kd3 Bf6 54.Bb3 Kg3 55.Ke4 Kxh3 56.Kf3 Be5 57.Be6 Kh4
58.Ke4 Bd6 59.Kf3 h5 60.gxh5 Kxh5  0-1

[Event "Acre GM 2017"]
[Site "Rio Branco BRA"]
[Date "2017.12.13"]
[Round "7.3"]
[White "Souza Neves,A"]
[Black "Leitao Neto,Antonio Alves"]
[Result "1-0"]
[WhiteElo "2124"]
[BlackElo "1955"]

1.d4 Nf6 2.c4 c5 3.d5 e6 4.Nc3 exd5 5.cxd5 d6 6.Nf3 Be7 7.e4 Bg4 8.Be2 Nbd7
9.Nd2 Bxe2 10.Qxe2 O-O 11.O-O Re8 12.Nc4 Bf8 13.f3 b5 14.Nxb5 Nb6 15.Nxb6 Qxb6
16.Nc3 g6 17.Be3 Rab8 18.Rab1 Qa5 19.Qd2 Bg7 20.Bh6 Bh8 21.Rfe1 Nd7 22.f4 Rxb2
23.Qxb2 Bxc3 24.Qb7 Nf6 25.e5 Bxe1 26.e6 Rf8 27.Bxf8  1-0

[Event "World Youth U16 Olympiad"]
[Site "Ahmedabad IND"]
[Date "2017.12.14"]
[Round "5.4"]
[White "Batsuren,Dambasuren"]
[Black "Nogerbek,Kazybek"]
[Result "1-0"]
[WhiteElo "2350"]
[BlackElo "2325"]

1.d4 Nf6 2.c4 e6 3.Nf3 c5 4.d5 exd5 5.cxd5 d6 6.Nc3 g6 7.e4 Bg7 8.h3 a6 9.a4 Nbd7
10.Bd3 Nh5 11.Bg5 Bf6 12.Be3 O-O 13.O-O Re8 14.Nd2 Qe7 15.Be2 Ng7 16.Nc4 Rb8
17.a5 Qf8 18.Qc2 b5 19.axb6 Nxb6 20.Nd2 Ra8 21.Ra2 Bd4 22.Bh6 Qe7 23.Nf3 f5
24.Ng5 fxe4 25.Ngxe4 Bf5 26.Bf3 Nd7 27.g4 Qh4 28.Bxg7 Bxe4 29.Nxe4 Kxg7 30.Bg2 Qe7
31.Rfa1 Nf6 32.Ng5 Qe2 33.Qxe2 Rxe2 34.Ne6+ Kf7 35.Nxd4 cxd4 36.Bf1 Rc2 37.b3 Rc3
38.b4 d3 39.b5 a5 40.Rd2 Ne4 41.Rxd3 Rxd3 42.Bxd3 Nc5 43.Bc4 g5 44.Kg2 Kf6
45.Re1 a4 46.Kf3 a3 47.Ba2 h6 48.Rb1 Ke5 49.Ke3 Na4 50.Kd3 Rc8 51.Re1+ Kf6
52.Re6+ Kg7 53.Rxd6 Rf8 54.Rd7+ Kf6 55.Ra7 Nb2+ 56.Kd4 Rb8 57.Rxa3 Ke7 58.Bb3 Rxb5
59.Kc3 Nd1+ 60.Bxd1 Rxd5 61.Bc2 Rd6 62.Ra4 Kf6 63.Rd4 Ra6 64.Kd3 Ra3+ 65.Ke4 Rxh3
66.Rd6+ Ke7 67.Rd3 Kf6 68.Rd6+ Ke7 69.Rd3 Rh2 70.Rf3 Rg2 71.Kf5 Kf7 72.Bb3+ Kg7
73.Be6 h5 74.Kxg5  1-0

[Event "Bhopal International Open"]
[Site "Bhopal IND"]
[Date "2017.12.23"]
[Round "4.12"]
[White "Chitlange,Sakshi"]
[Black "Yeoh,L"]
[Result "0-1"]
[WhiteElo "2178"]
[BlackElo "2480"]

1.d4 Nf6 2.c4 c5 3.d5 e6 4.Nc3 exd5 5.cxd5 d6 6.Nf3 g6 7.g3 a6 8.a4 Bg7 9.Bg2 O-O
10.O-O Re8 11.Bf4 Nh5 12.Bg5 Qc7 13.Qd2 Nd7 14.Bh6 Bh8 15.Rfc1 Nhf6 16.Rab1 Qb6
17.Qc2 Ng4 18.Bf4 Nde5 19.Nxe5 Nxe5 20.Nd1 Bd7 21.Bd2 Rac8 22.h3 c4 23.Ne3 f5
24.a5 Qd8 25.f4 Nf7 26.Nxc4 Rxe2 27.Qd3 Re8 28.Qb3 Bb5 29.Na3 Re2 30.Qb4 Bd3
31.Rxc8 Qxc8 32.Rc1 Qa8 33.Kh1 Qe8 34.Bf3 Bf6 35.Re1 Rxe1+ 36.Bxe1 Qe3 37.Kg2 Bd4  0-1